000
00324pab a2200145 454500
008
180718b1998 xxu||||| |||| 00| 0 eng d
100
_a
Kashyap, Subhash C.
245
_a
A case of review
260
_c
1998
300
_a
p.12
362
_a
9 Sept
650
_a
Constitutions
773
_a
Times of India
909
_a
39457
999
_c
39457
_d
39457